000
00230 a2200097 4500
001
48652
100
_a
Sealy, K.R
245
_a
The geography of air transport
260
_a
London
_b
Hutchinson university
_c
090
_c
31578
_d
31578
942
_a
NUST-CAE
_c
M
_c
23978
999
_c
283725
_d
283725